00293nam a2200121Ia 4500008004100000041000900041082001700050100002200067245002900089260003700118300000800155650000800163230718s9999 xx 000 0 und d aEng. a397.4bMAR-T aMartin,Jacquelime 4aThe english legal systam aPakistanbDynamic Learningc2014 a301 aLaw